Technology and productivity (Record no. 1112354)

MARC details
000 -LEADER
fixed length control field 01057nam a2200313Ia 4500
003 - CONTROL NUMBER IDENTIFIER
control field OSt
005 - DATE AND TIME OF LATEST TRANSACTION
control field 20221006160106.0
008 - FIXED-LENGTH DATA ELEMENTS--GENERAL INFORMATION
fixed length control field 221006b |||||||| |||| 00| 0 eng d
020 ## - INTERNATIONAL STANDARD BOOK NUMBER
International Standard Book Number 9780262122214
-- 8.00
037 ## - SOURCE OF ACQUISITION
Terms of availability Textual
040 ## - CATALOGING SOURCE
Original cataloging agency EASL
Transcribing agency EASL
Language of cataloging eng
041 ## - LANGUAGE CODE
Source of code eng
Language code of text/sound track or separate title eng
100 ## - MAIN ENTRY--PERSONAL NAME
Personal name Lim Youngil
9 (RLIN) 270158
245 #0 - TITLE STATEMENT
Title Technology and productivity
Remainder of title The Korean way of learning and catching up
260 ## - PUBLICATION, DISTRIBUTION, ETC.
Place of publication, distribution, etc. Cambridge
Name of publisher, distributor, etc. MIT Press
Date of publication, distribution, etc. 1999
300 ## - PHYSICAL DESCRIPTION
Extent 261p.
Dimensions cm.
490 ## - SERIES STATEMENT
Volume/sequential designation KEL
650 ## - SUBJECT ADDED ENTRY--TOPICAL TERM
Topical term or geographic name entry element Business enterprises - Korea - South
9 (RLIN) 671859
650 ## - SUBJECT ADDED ENTRY--TOPICAL TERM
Topical term or geographic name entry element Human capital - Korea - South
9 (RLIN) 671860
650 ## - SUBJECT ADDED ENTRY--TOPICAL TERM
Topical term or geographic name entry element Industrial policy - Korea - South
9 (RLIN) 650379
650 ## - SUBJECT ADDED ENTRY--TOPICAL TERM
Topical term or geographic name entry element Technology and state - Korea - South
9 (RLIN) 671861
650 ## - SUBJECT ADDED ENTRY--TOPICAL TERM
Topical term or geographic name entry element Industrial productivity - Korea - South
9 (RLIN) 671862
942 ## - ADDED ENTRY ELEMENTS (KOHA)
Classification part X8(A).495, N9
Koha item type Textual
Source of classification or shelving scheme Colon Classification (CC)
Holdings
Withdrawn status Lost status Source of classification or shelving scheme Damaged status Not for loan Home library Current library Date acquired Source of acquisition Serial Enumeration / chronology Total Checkouts Full call number Barcode Date last seen Price effective from Koha item type
    Colon Classification (CC)     Department of East Asian Studies Library Department of East Asian Studies Library 2022-10-06 Gift, KCC (Window on Korea) KEL   X8(A).495 N9 EA1396926 2022-10-06 2022-10-06 Textual
Copyright @ Delhi University Library System